<?xml version="1.0" encoding="UTF-8"?>
<collection xmlns:xsi="http://www.w3.org/2001/XMLSchema-instance" xsi:schemaLocation="http://www.loc.gov/MARC21/slim http://www.loc.gov/standards/marcxml/schema/MARC21slim.xsd" xmlns="http://www.loc.gov/MARC21/slim">
 <record>
  <leader>00000cam a22000004a 4500</leader>
  <controlfield tag="001">UP-99796217611000536</controlfield>
  <controlfield tag="003">Buklod</controlfield>
  <controlfield tag="005">20230215105418.0</controlfield>
  <controlfield tag="006">m    |o  d |      </controlfield>
  <controlfield tag="007">ta</controlfield>
  <controlfield tag="008">091002s2010    enka    rb   |001 0|eng d</controlfield>
  <datafield tag="020" ind1=" " ind2=" ">
   <subfield code="a">9781420061536 (Taylor &amp; Francis : alk. paper)</subfield>
   <subfield code="c">PhP 6,106.65 (Forefront) : MMM</subfield>
  </datafield>
  <datafield tag="020" ind1=" " ind2=" ">
   <subfield code="a">9781843393009 (IWA : alk. paper)</subfield>
  </datafield>
  <datafield tag="035" ind1=" " ind2=" ">
   <subfield code="a">(iLib)UPD-00206905539</subfield>
  </datafield>
  <datafield tag="040" ind1=" " ind2=" ">
   <subfield code="a">DLC</subfield>
   <subfield code="d">DENGII</subfield>
  </datafield>
  <datafield tag="041" ind1=" " ind2=" ">
   <subfield code="a">eng</subfield>
  </datafield>
  <datafield tag="090" ind1=" " ind2=" ">
   <subfield code="a">TD 878</subfield>
   <subfield code="b">M85 2010</subfield>
  </datafield>
  <datafield tag="100" ind1="1" ind2=" ">
   <subfield code="a">Mulligan, Catherine N.</subfield>
  </datafield>
  <datafield tag="245" ind1="1" ind2="0">
   <subfield code="a">Sediments contamination and sustainable remediation</subfield>
   <subfield code="c">Catherine Mulligan, Masaharu Fukue, Yoshio Sato.</subfield>
  </datafield>
  <datafield tag="264" ind1=" " ind2="1">
   <subfield code="a">London</subfield>
   <subfield code="a">Boca Raton</subfield>
   <subfield code="b">IWA Pub.</subfield>
   <subfield code="b">CRC Press</subfield>
   <subfield code="c">2010.</subfield>
  </datafield>
  <datafield tag="300" ind1=" " ind2=" ">
   <subfield code="a">xiv, 305 p.</subfield>
   <subfield code="b">ill.</subfield>
  </datafield>
  <datafield tag="500" ind1=" " ind2=" ">
   <subfield code="a">Prof. Juan Fidel Calaywan (recommending faculty)</subfield>
  </datafield>
  <datafield tag="505" ind1="0" ind2=" ">
   <subfield code="a">Ch. 1. Introduction to Sediment Contamination and Management -- Ch. 2. Introduction to Sediments -- Ch. 3. Contaminant-Sediment Interactions -- Ch. 4. Remediation Assessment, Sampling, and Monitoring -- Ch. 5. Natural Recovery of Contaminated Sediments -- Ch. 6. In Situ Remediation and Management of Contaminated Sediments -- Ch. 7. Dredging and the Remediation of Dredged Contaminated Sediments -- Ch. 8. Management and Evaluation of Treatment Alternatives for Sediments -- Ch. 9. Current State and Future Directions -- Appendix A. Sediment Quality Guidelines from Environment Canada and MDDEP, 2008 -- Appendix B. London Convention and Protocol: Convention on the Prevention of Marine Pollution by Dumping of Wastes and Other Matter, 1972 -- Appendix C. Prediction of Sediment Toxicity Using Consensus Based Freshwater Sediment Quality Guidelines: USGS. 2000. Prediction of sediment toxicity using consensus based freshwater sediment quality guidelines. EPA 905/R-OO/007, June 2000 -- Appendix D. International Sediment Quality Criteria.</subfield>
  </datafield>
  <datafield tag="650" ind1=" " ind2="0">
   <subfield code="a">Contaminated sediments</subfield>
   <subfield code="x">Management.</subfield>
  </datafield>
  <datafield tag="650" ind1=" " ind2="0">
   <subfield code="a">Soil remediation.</subfield>
  </datafield>
  <datafield tag="650" ind1=" " ind2="0">
   <subfield code="a">Sedimentation and deposition.</subfield>
  </datafield>
  <datafield tag="658" ind1=" " ind2=" ">
   <subfield code="a">Special topics</subfield>
   <subfield code="c">EM 197.</subfield>
  </datafield>
  <datafield tag="700" ind1="1" ind2=" ">
   <subfield code="a">Fukue, Masaharu.</subfield>
  </datafield>
  <datafield tag="700" ind1="1" ind2=" ">
   <subfield code="a">Sato, Yoshio</subfield>
   <subfield code="d">1947-.</subfield>
  </datafield>
  <datafield tag="842" ind1=" " ind2=" ">
   <subfield code="a">Book</subfield>
  </datafield>
  <datafield tag="905" ind1=" " ind2=" ">
   <subfield code="a">FO</subfield>
  </datafield>
  <datafield tag="950" ind1=" " ind2=" ">
   <subfield code="a">Monograph</subfield>
  </datafield>
  <datafield tag="852" ind1="0" ind2=" ">
   <subfield code="a">UPD</subfield>
   <subfield code="b">DENG-II</subfield>
   <subfield code="h">TD 878</subfield>
   <subfield code="i">M85 2010</subfield>
  </datafield>
  <datafield tag="942" ind1=" " ind2=" ">
   <subfield code="a">Book</subfield>
  </datafield>
 </record>
</collection>
